e-Commerce Applications Using Oracle8i and Java from Scratch (Record no. 4971)

MARC details
000 -LEADER
fixed length control field 00461nam a22001937i 4500
001 - CONTROL NUMBER
control field 5126
003 - CONTROL NUMBER IDENTIFIER
control field OSt
005 - DATE AND TIME OF LATEST TRANSACTION
control field 20170126082343.0
007 - PHYSICAL DESCRIPTION FIXED FIELD--GENERAL INFORMATION
fixed length control field tu
008 - FIXED-LENGTH DATA ELEMENTS--GENERAL INFORMATION
fixed length control field 161220s2000 xxu||||| |||| 00| 0 d
020 ## - INTERNATIONAL STANDARD BOOK NUMBER
International Standard Book Number 0-7897-2338-7
024 7# - OTHER STANDARD IDENTIFIER
Standard number or code 5126
Source of number or code RID
024 7# - OTHER STANDARD IDENTIFIER
Standard number or code 5126
Source of number or code RSN (alt)
040 ## - CATALOGING SOURCE
Transcribing agency OSt
100 1# - MAIN ENTRY--PERSONAL NAME
Personal name Thakkar, Meghraj
245 00 - TITLE STATEMENT
Title e-Commerce Applications Using Oracle8i and Java from Scratch
260 ## - PUBLICATION, DISTRIBUTION, ETC.
Place of publication, distribution, etc. Indianapolis,
Date of publication, distribution, etc. 2000.
300 ## - PHYSICAL DESCRIPTION
Extent 384 S. ;
Dimensions 30cm.
942 ## - ADDED ENTRY ELEMENTS (KOHA)
Koha item type Book

No items available.

The Vienna Instiute for International Economic Studies (wiiw)